<?xml version="1.0" encoding="UTF-8"?>
<collection xmlns="http://www.loc.gov/MARC21/slim">
<record>
  <controlfield tag="001">5880</controlfield>
  <controlfield tag="005">20221107121840.0</controlfield>
  <datafield tag="037" ind1=" " ind2=" ">
    <subfield code="a">OUTRART-2022-0022</subfield>
  </datafield>
  <datafield tag="100" ind1=" " ind2=" ">
    <subfield code="a">Janssens, Jan</subfield>
  </datafield>
  <datafield tag="245" ind1=" " ind2=" ">
    <subfield code="a">De activiteit van onze Zon</subfield>
  </datafield>
  <datafield tag="260" ind1=" " ind2=" ">
    <subfield code="c">2022</subfield>
  </datafield>
  <datafield tag="500" ind1=" " ind2=" ">
    <subfield code="a">Sterrenkijkkrant: een speciaal nummer (november 2022) van het tijdschrift Heelal n.a.v. de Sterrenkijkdagen op 2 en 3 december 2022. Enkel in het Nederlands. Dutch only.</subfield>
  </datafield>
  <datafield tag="594" ind1=" " ind2=" ">
    <subfield code="a">STCE</subfield>
  </datafield>
  <datafield tag="653" ind1="1" ind2=" ">
    <subfield code="a">zonnecyclus (ontdekking, voorspelling), ruimteweer, SC25 (status)</subfield>
  </datafield>
  <datafield tag="773" ind1=" " ind2=" ">
    <subfield code="p">Heelal (Sterrenkijkkrant)</subfield>
    <subfield code="v">November 2022</subfield>
    <subfield code="y">2022</subfield>
    <subfield code="c">3-5</subfield>
  </datafield>
  <datafield tag="856" ind1="0" ind2=" ">
    <subfield code="f">jan.janssens@observatoire.be</subfield>
  </datafield>
  <datafield tag="856" ind1="4" ind2=" ">
    <subfield code="s">1428240</subfield>
    <subfield code="u">http://publi2-as.oma.be/record/5880/files/Sterrenkijkkrant 2022_SC25.pdf</subfield>
  </datafield>
  <datafield tag="856" ind1="4" ind2=" ">
    <subfield code="s">26828</subfield>
    <subfield code="u">http://publi2-as.oma.be/record/5880/files/Sterrenkijkkrant 2022_SC25.jpg?subformat=icon-180</subfield>
    <subfield code="x">icon-180</subfield>
  </datafield>
  <datafield tag="856" ind1="4" ind2=" ">
    <subfield code="s">39887</subfield>
    <subfield code="u">http://publi2-as.oma.be/record/5880/files/Sterrenkijkkrant 2022_SC25.gif?subformat=icon</subfield>
    <subfield code="x">icon</subfield>
  </datafield>
  <datafield tag="980" ind1=" " ind2=" ">
    <subfield code="a">OUTRART</subfield>
  </datafield>
</record>
</collection>